| 000 | 01153cam a2200361 a 4500 | ||
|---|---|---|---|
| 001 | 9099 | ||
| 003 | FISKH | ||
| 005 | 20251120085534.0 | ||
| 008 | 090422s2010 nyua b 000 1 eng | ||
| 010 | _a 2009015122 | ||
| 020 | _a9780399254352 | ||
| 020 | _a9780545450409 | ||
| 040 |
_aDLC _cDLC _dDLC |
||
| 042 | _alcac | ||
| 050 | 0 | 0 | _aPZ7.K4537 L |
| 082 | _a636.4 | ||
| 100 | 1 | _aKerby, Johanna. | |
| 245 | 1 | 0 |
_aLittle pink pup / _cJohanna Kerby. |
| 260 |
_aNew York : _bG.P. Putnam's Sons, _c2010. |
||
| 300 |
_a30 unnumbered pages : _bcolor illustrations ; _c21 cm |
||
| 505 | _aJ | ||
| 520 | _aPink, a piglet who is the runt of the litter, is adopted by Tink, a dachshund who is nursing a litter of her own, and Pink is raised in the house along with the puppies. Based on a true story. | ||
| 521 | 8 |
_a500
_bLexile estimate |
|
| 521 | 8 |
_aJ
_bRaz-Plus |
|
| 650 | 1 |
_aPigs _vFiction. |
|
| 650 | 1 |
_aDachshunds _vFiction. |
|
| 650 | 1 |
_aAnimal infancy _vFiction. |
|
| 650 | 1 |
_aDogs _vFiction. |
|
| 650 | 1 |
_aPigs as pets _vFiction. |
|
| 906 |
_a7 _bcbc _corignew _d1 _eecip _f20 _gy-gencatlg |
||
| 942 |
_2ddc _cBK _n0 |
||
| 999 |
_c9099 _d9099 |
||